| 000 | 00676cam3a220020500 4500 | ||
|---|---|---|---|
| 001 | tmp15497154 | ||
| 003 | UPRA | ||
| 005 | 20190815102920.0 | ||
| 008 | 950829s1975 ja eng u | ||
| 035 | _a(Sirsi) r120311 | ||
| 035 | _a(UPRA)tmp15497154 | ||
| 040 | _cUPRA | ||
| 100 | 1 |
_aMumsterberg, Hugo, 1916- _dMumsterberg, Hugo, 1916- _6A86596.1 |
|
| 245 | 1 | 4 |
_aThe arts of Japan : _ban illustrated history. |
| 260 |
_aTokyo: _bIuttle, _c[1975] |
||
| 504 | _aIncludes bibliographical references. | ||
| 650 | 0 |
_aArt -- Japan -- History. _zArt -- Japan -- History. _xArt -- Japan -- History. _6S62352.1 |
|
| 949 |
_aN7350 _wlcc _i-173083 _mMAIN _tBOOK _lON-SHELF |
||
| 004 | 120311 | ||
| 999 |
_c64987 _d64987 |
||